| 000 | 00930nam a2200265 i 4500 | ||
|---|---|---|---|
| 001 | bg | ||
| 245 | 1 | 0 |
_aFundusze strukturalne w polityce regionalnej / _cpod red. Stanisława Naruszewicza ; Politechnika Białostocka. |
| 260 |
_aBiałystok : _bWydawnictwo Politechniki Białostockiej, _c2005. |
||
| 300 |
_a425 s. : _bil. ; _c23 cm. |
||
| 500 | _aBłędny tyt. grzbiet.: Undusze [!] strukturalne w polityce regionalnej. | ||
| 504 | _aBibliogr. s. 279- 290. | ||
| 650 | 9 | _aFundusze strukturalne UE | |
| 650 | 9 |
_aFundusze strukturalne UE _zPolska |
|
| 650 | 9 | _aPolityka regionalna UE | |
| 650 | 9 |
_aRegionalizacja gospodarcza _zPolska _yod 2001 r. |
|
| 700 | 1 |
_aNaruszewicz, Stanisław. _eRed. |
|
| 020 | _a8360200033 | ||
| 040 | _cBPK | ||
| 041 | 0 | _apol | |
| 044 | _aPOL | ||
| 080 | _a339.7(4-67):331.101.1(438:4-67)]"2001/..." | ||
| 920 | _a83-60200-03-3 | ||
| 942 | _cKS | ||
| 008 | s pl f |000 0 pol | ||
| 999 |
_c55358 _d55358 |
||
| 856 |
_uhttp://koha.tu.koszalin.pl/cgi-bin/koha/opac-detail.pl?biblionumber=55358 _yKatalog online BPK |
||